| 000 | 00517nam a2200169 i 4500 | ||
|---|---|---|---|
| 001 | bg | ||
| 100 | 1 | _aGŁADYŚ, Henryk | |
| 245 | 0 |
_aKomputery w kierowaniu pracą systemu elektroenergetycznego / _cHenryk Gładyś. |
|
| 260 |
_aWarszawa : _bWydawn. Nauk.-Techn., _c1980. |
||
| 300 |
_as. 266, nlb. 2 : _brys., ilustr., tab. [w tym] nlb. 1. |
||
| 504 | _a[Zawiera bibliogr. s. 254-263]. | ||
| 040 | _cBPK | ||
| 041 | _apol | ||
| 080 | _a621.31:681.323 | ||
| 942 | _cKS | ||
| 008 | s pl f |000 0 pol | ||
| 999 |
_c19692 _d19692 |
||
| 856 |
_uhttp://koha.tu.koszalin.pl/cgi-bin/koha/opac-detail.pl?biblionumber=19692 _yKatalog online BPK |
||